Statistics for Countries With The Most Platinum

Click here to take the quiz!

General Stats

  • This quiz has been taken 22 times
  • The average score is 6 of 10

Answer Stats

Production (Kilograms)Country% Correct
170Australia
100%
22,000Russia
95%
7,400Canada
90%
2,500China
90%
3,600United States
90%
130,000South Africa
71%
1,747Japan
52%
566Columbia
19%
1,418Finland
19%
15,000Zimbabwe
19%

Score Distribution

Percentile by Number Answered

Percent of People with Each Score

Your Score History

You have not taken this quiz